| 000 | 00465nam a2200181Ia 4500 | ||
|---|---|---|---|
| 005 | 20250704115542.0 | ||
| 008 | 008 250516s9999 xx 000 0 eng d | ||
| 020 | _a9789004524842 | ||
| 040 |
_beng _cSDCL |
||
| 041 |
_aeng _2eng |
||
| 084 | _aNA1(Q7) R3 | ||
| 100 | _aGreenhalgh, Michael | ||
| 245 | 0 | _aIslamic architecture through western eyes | |
| 260 |
_aLeiden : _bBrill, _c2023. |
||
| 300 | _axiii, 376p. | ||
| 650 | _aHistory | ||
| 942 |
_cTEXL _2CC |
||
| 999 |
_c1429623 _d1429623 |
||